Komparatívna štúdia konídiácie kmeňov rodu Trichoderma bakalárska práca

Saved in:
Bibliographic Details
Main Author: Sendecká, Katarína
Format: Book
Language:Slovak
Published: Bratislava STU FCHPT 2014
Online Access:View in OPAC
Tags: Add Tag
No Tags, Be the first to tag this record!

MARC

LEADER 00000nam a2200000 a 4500
005 20260127134305.0
008 140818 2014 000 0 slo d
035 |a vtls010614656 
039 9 |y 201408180933  |z mschk03 
040 |a STUSCHK1  |b slo  |c STUSCHK1  |e AACR2 
100 1 |a Sendecká, Katarína 
245 1 |a Komparatívna štúdia konídiácie kmeňov rodu Trichoderma  |b bakalárska práca  |c Katarína Sendecká 
260 |a Bratislava  |b STU FCHPT  |c 2014 
300 |a 25 s.  |b Obr., tab. grafy  |c 30 cm 
500 |a Obhájené: 15.7.2014 
500 |a Štud. program: biotechnológia a potravinárska technológia 
500 |a Štud. odbor: biotechnológie 
500 |a Škol. pracovisko: Odd. biochémie a mikrobiológie 
500 |a Evid. číslo: FCHPT-13567-42780 
910 |a SCHK95 
999 |c 8911  |d 8911